Interstate 10 Exits in California - Statistics

General Stats
  • This quiz has been taken 7 times
  • The average score is 5 of 155
Answer Stats
County Exit # Exit City % Correct
San Bernardino 58 Interstate 15 Ontario
100%
San Bernardino 55B Archibald Avenue Ontario
50%
San Bernardino 56 Haven Avenue Ontario
50%
Los Angeles 3A-3B Interstate 405 Los Angeles
50%
Los Angeles 31A Interstate 605 Baldwin Park
50%
San Bernardino 53 4th Street Ontario
25%
Riverside 88 Calimesa Boulevard Calimesa
25%
San BernardinoRiverside 87 County Line Road YucaipaCalimesa
25%
Los Angeles 38B Holt Avenue West CovinaCovina
25%
San Bernardino 72 Interstate 215 Colton
25%
Los Angeles 21 Interstate 710 Monterey Park
25%
Riverside 106 Main Street Cabazon
25%
San Bernardino 48 Monte Vista Avenue Montclair
25%
Los Angeles 46 Towne Avenue Pomona
25%
Riverside 99 22nd Street Banning
0%
LosAngeles 1A 4th Street5th Street SantaMonica
0%
Riverside 240 7th Street Blythe
0%
San Bernardino 70B 9th Street Colton
0%
San Bernardino 77A Alabama Street Redlands
0%
Los Angeles 15B Alameda Street Los Angeles
0%
Los Angeles 10 Arlington Avenue Los Angeles
0%
Los Angeles 23A Atlantic Boulevard Alhambra
0%
Riverside 151 Avenue 50 Coachella
0%
Los Angeles 32A Baldwin Park Boulevard Baldwin Park
0%
Los Angeles 37B Barranca Street West Covina
0%
Riverside 130 Bob Hope DriveRamon Road Cathedral City
0%
Los Angeles 2B-2C Bundy Drive Los Angeles
0%
San Bernardino 76 California Street Redlands
0%
Los Angeles 135B (I-5) Ceaser Chavez Avenue Los Angeles
0%
San Bernardino 66 Cedar Avenue Bloomington
0%
Los Angeles 2A Centinela Avenue Santa Monica
0%
Los Angeles 15A Central Avenue Los Angeles
0%
San Bernardino 49 Central Avenue Montclair
0%
San Bernardino 61 Cherry Avenue Fontana
0%
Riverside 90 Cherry Valley Boulevard Calimesa
0%
San Bernardino 63 Citrus Avenue Fontana
0%
Los Angeles 37A Citrus Street West Covina
0%
Los Angeles 20A City Terrace Drive East Los Angeles
0%
Los Angeles 1C Cloverfield Boulevard Santa Monica
0%
Riverside 134 Cook Street Palm Desert
0%
Riverside 201 Corn Springs Road N/A
0%
Riverside 168 Cottonwood Springs Road N/A
0%
Los Angeles 9 Crenshaw Boulevard Los Angeles
0%
Riverside 126 Date Palm Drive Cathedral City
0%
Los Angeles 25A Del Mar Avenue San GabrielRosemead
0%
Riverside 146 Dillon Road Coachella
0%
Riverside 189 Eagle Mountain Road N/A
0%
Los Angeles 20B Eastern Avenue East Los Angeles
0%
Riverside 242 East Hobson Way Blythe
0%
San Bernardino 59 Etiwanda AvenueValley Boulevard OntarioFontana
0%
Los Angeles 7B Fairfax AvenueWashington Boulevard Los Angeles
0%
Los Angeles 44 Fairplex DriveDudley Street Pomona
0%
Riverside 217 Ford Dry Lake Road N/A
0%
San Bernardino 81 Ford StreetRedlands Boulevard Redlands
0%
Los Angeles 135A (I-5) Fourth Street Los Angeles
0%
Los Angeles 32B Francisquito Avenue Baldwin Park
0%
Los Angeles 31B Frazier Street Baldwin Park
0%
Los Angeles 22 Fremont Avenue Alhambra
0%
Riverside 162 Frontage Road N/A
0%
Los Angeles 45B Garey AvenueOrange Grove Avenue Pomona
0%
Los Angeles 23B Garfield Avenue Alhambra
0%
Los Angeles 30 Garvey AvenueDurfee Avenue El Monte
0%
Riverside 123 Gene Autry TrailPalm Drive Palm SpringsDesert Hot Springs
0%
Riverside 144 Golf Center Parkway Indio
0%
Los Angeles 38A Grand Avenue West Covina
0%
Riverside 101 Hargrave Street Banning
0%
Riverside 110 Haugen WayLehmann Way N/A
0%
Riverside 177 Hayfield Road N/A
0%
Riverside 96 Highland Springs Avenue BeaumontBanning
0%
San Bernardino 55A Holt Boulevard Ontario
0%
Riverside 120 Indian Canyon Drive Palm SpringsDesert Hot Springs
0%
Los Angeles 47 Indian Hill Boulevard Claremont
0%
Riverside 139 Indio BoulevardJefferson Street Indio
0%
Los Angeles 13A Interstate 110 South Los Angeles
0%
Riverside 143 Jackson Street Indio
0%
Los Angeles 41 Kellogg Drive Pomona
0%
Los Angeles 8 La Brea Avenue Los Angeles
0%
Los Angeles 1B Lincoln Boulevard20th Street Santa Monica
0%
Riverside 239 Lovekin Boulevard Blythe
0%
Riverside 103 Malki Road BanningCabazon
0%
Los Angeles 14A Maple StreetLos Angeles Street Los Angeles
0%
Los Angeles 16A Mateo StreetSanta Fe Avenue Los Angeles
0%
Riverside 232 Mesa Drive N/A
0%
San Bernardino 57 Milliken Avenue Ontario
0%
Riverside 142 Monroe Street Indio
0%
Riverside 131 Monterey Avenue Palm Desert
0%
Riverside 104 Morongo Trail Cabazon
0%
San Bernardino 50 Mountain Avenue OntarioUpland
0%
San Bernardino 75 Mountain View Avenue Loma Linda
0%
San Bernardino 71 Mt. Vernon Avenue Colton
0%
Los Angeles 5 National Boulevard Los Angeles
0%
Los Angeles 24 New Avenue AlhambraSan Gabriel Monterey Park
0%
Los Angeles 12 Normandie AvenueVermont Avenue Hoover Street Los Angeles
0%
San Bernardino 85 Oak Glen RoadLive Oak Canyon Road Yucaipa
0%
Riverside 92 Oak Valley Parkway Beaumont
0%
Los Angeles 4 Overland AvenueNational Boulevard Los Angeles
0%
Los Angeles 34A Pacific AvenueWest Covina Parkway West Covina
0%
Los Angeles 29B Peck Road North El Monte
0%
Los Angeles 29A Peck Road South El Monte
0%
Riverside 95 Pennsylvania Avenue Beaumont
0%
San Bernardino 69 Pepper Avenue Colton
0%
Riverside 133 Portola Avenue Palm Desert
0%
Los Angeles 33 Puente Avenue Baldwin Park
0%
Riverside 102 Ramsey Street Banning
0%
San Bernardino 70A Rancho Avenue Colton
0%
Riverside 182 Red Cloud Road N/A
0%
San Bernardino 68 Riverside Avenue Rialto
0%
Riverside 243 Riviera Drive Blythe
0%
Los Angeles 6 Robertson Boulevard Los Angeles
0%
Los Angeles 25B San Gabriel Boulevard San GabrielRosemead
0%
Los Angeles 14B San Pedro Street Los Angeles
0%
Los Angeles 28 Santa Anita Avenue El Monte
0%
San Bernardino 64 Sierra Avenue Fontana
0%
Riverside 89 Singleton Road Calimesa
0%
Los Angeles 19C Soto Street Los Angeles
0%
Los Angeles 13B SR 110 North Los Angeles
0%
Riverside 111 SR 111 South Palm Springs
0%
Riverside 192 SR 177 North Desert Center
0%
Los Angeles 7A SR 187 Los Angeles
0%
Los Angeles 26B SR 19 RosemeadEl Monte
0%
San Bernardino 77B SR 210 Redlands
0%
Riverside 100 SR 243 South Banning
0%
San Bernardino 79 SR 38 East6th Street Redlands
0%
Los Angeles 36 SR 39 West Covina
0%
Los Angeles 42A SR 57Interstate 210 PomonaSan Dimas
0%
Los Angeles 16B SR 60 EastInterstate 5 South Los Angeles
0%
Riverside 93 SR 60 West6th Street Beaumont
0%
Riverside 117 SR 62 East N/A
0%
Los Angeles 42B SR 71 South PomonaSan Dimas
0%
Riverside 236 SR 78 West Blythe
0%
Riverside 94 SR 79 South Beaumont
0%
San Bernardino 51 SR 83 OntarioUpland
0%
Riverside 145 SR 86 South Indio
0%
Los Angeles 19A State Street Los Angeles
0%
Riverside 173 Summit Road N/A
0%
Los Angeles 34B Sunset Avenue West Covina
0%
Riverside 98 Sunset Avenue Banning
0%
Los Angeles 27 Temple City BoulevardBaldwin Avenue RosemeadEl Monte
0%
San Bernardino 77C Tennessee Street Redlands
0%
San Bernardino 74 Tippecanoe AvenueAnderson Street San BernardinoLoma Linda
0%
San Bernardino 80 University StreetCypress Avenue Redlands
0%
Los Angeles 19B US 101 North Los Angeles
0%
Riverside 241 US 95 North Blythe
0%
Los Angeles 40 Via Verde CovinaSan Dimas
0%
Los Angeles 35 Vincent Avenue West Covina
0%
San Bernardino 54 Vineyard Avenue Ontario
0%
San Bernardino 82 Wabash Avenue Redlands
0%
Los Angeles 26A Walnut Grove Avenue Rosemead
0%
Riverside 137 Washington Street Palm Desert
0%
San Bernardino 73 Waterman Avenue San Bernardino
0%
Los Angeles 11 Western Avenue Los Angeles
0%
Los Angeles 45A White Avenue Pomona
0%
Riverside 114 Whitewater Road Palm Springs
0%
Riverside 222 Willey's Well Road N/A
0%
San Bernardino 83 Yucaipa Boulevard Yucaipa
0%
No matching quizzes found
Score Distribution
Percent of People with Each Score
Percentile by Number Answered
Your Score History
You have not taken this quiz